| 000 | 00718cam a2200229 a 4500 | ||
|---|---|---|---|
| 001 | 000009572 | ||
| 005 | 20240305100859.0 | ||
| 008 | 771006s1966 mx 000 f spa | ||
| 040 |
_aDO-SdBNP _cTxSaU _dOCoLC _dFM _dDLC |
||
| 042 | _apremarc | ||
| 082 |
_aU863.42 _bM385ó |
||
| 100 | 1 |
_aMartínez Moreno, Carlos, _d1917-1986 _99855 |
|
| 245 | 1 | 3 |
_aLa otra mitad / _cCarlos Martínez Moreno. |
| 260 |
_aMéxico : _bJoaguín Mortiz, _c1966. |
||
| 300 |
_a343 p. ; _c20 cm. |
||
| 490 | 1 | _aNovelistas contemporáneos | |
| 650 | 4 |
_aNovela uruguaya _95679 |
|
| 650 | 4 |
_aLiteratura uruguaya _93054 |
|
| 650 | 4 |
_aNovela amorosa _913334 |
|
| 830 | 0 |
_aNovelistas contemporáneos _911918 |
|
| 910 | _aCatalogación por copia / LC | ||
| 999 |
_c9332 _d9332 |
||